Issues in retail planning within the United Kingdom (Record no. 15186)
[ view plain ]
| 000 -LEADER | |
|---|---|
| fixed length control field | 01281cab a2200217 4500 |
| 001 - CONTROL NUMBER | |
| control field | ABS40266 |
| 008 - FIXED-LENGTH DATA ELEMENTS--GENERAL INFORMATION | |
| fixed length control field | 090401t1989 xxu||||| |||| 00| 0 eng d |
| 035 ## - SYSTEM CONTROL NUMBER | |
| System control number | (Sirsi) u22656 |
| 041 ## - LANGUAGE CODE | |
| Language code of text/sound track or separate title | eng |
| 100 ## - MAIN ENTRY--PERSONAL NAME | |
| Personal name | Davies, R. |
| 245 ## - TITLE STATEMENT | |
| Title | Issues in retail planning within the United Kingdom |
| 260 ## - PUBLICATION, DISTRIBUTION, ETC. | |
| Date of publication, distribution, etc. | 1989 |
| 350 ## - PRICE (NR) (BK AM CF MU VM SE) [OBSOLETE] | |
| Price | 0 |
| 490 ## - SERIES STATEMENT | |
| Series statement | Built Environment |
| Volume/sequential designation | 14(1) 1989, 7-21(15) |
| 520 ## - SUMMARY, ETC. | |
| Summary, etc. | Examines development in retail planning since the 1970s to the present day, highlighting factors which have influenced certain trends. In particular the authors look at the Government`s role in determining development with, for example, the creation of Enterprise Zones , abolition of the Metropolitan Counties and pressures placed on the countryside. Also identifies how the market has responded to retailing in the 1980s with the development of out-of-town superstores, shopping centres and retail warehouses and looks at changes in high street shopping. Includes a table of prospective regional scale shopping centres in the UK of more than 400,000 square feet, and concludes with a summary of the main issues discussed in the article. |
| 650 ## - SUBJECT ADDED ENTRY--TOPICAL TERM | |
| Topical term or geographic name entry element | REGIONAL SHOPPING CENTRES |
| 690 ## - LOCAL SUBJECT ADDED ENTRY--TOPICAL TERM (OCLC, RLIN) | |
| Topical term or geographic name as entry element | PLANNING LAW AND PRACTICE |
| 700 ## - ADDED ENTRY--PERSONAL NAME | |
| Personal name | Howard, E. |
| 942 ## - ADDED ENTRY ELEMENTS (KOHA) | |
| Suppress in OPAC | 0 |
| 948 ## - LOCAL PROCESSING INFORMATION (OCLC); SERIES PART DESIGNATOR (RLIN) | |
| c (OCLC) | 04/03/1997 |
| Withdrawn status | Lost status | Source of classification or shelving scheme | Damaged status | Not for loan | Home library | Current library | Shelving location | Date acquired | Total Checkouts | Full call number | Barcode | Date last seen | Copy number | Price effective from | Koha item type |
|---|---|---|---|---|---|---|---|---|---|---|---|---|---|---|---|
| Dewey Decimal Classification | London | London | Journal article | 14/09/1999 | ABS40266 | 22656-1001 | 06/08/2019 | 1 | 06/08/2019 | Journal article |